[Event "Top20 2010-2011"]
[Site "Loire"]
[Date "2011.01.23"]
[Round "4.6"]
[White "Licata-Messana, Luc"]
[Black "Vier, Serge"]
[Result "1-0"]
[WhiteElo "1830"]
[BlackElo "1700"]
[PlyCount "89"]
[EventDate "2011.??.??"]

1. c4 e5 2. g3 Nc6 3. Nc3 Nf6 4. Bg2 Bc5 5. Nf3 d6 6. d3 Bg4 7. h3 Bh5 8. O-O
h6 9. a3 a6 10. b4 Ba7 11. Bb2 Qc8 12. Kh2 Nd4 13. Nxd4 Bxd4 14. Qc2 Bg6 15.
Nd5 Nxd5 16. cxd5 Bb6 17. f4 exf4 18. gxf4 O-O 19. Qc3 f6 20. e4 Qd7 21. Rac1
Rae8 22. Rfe1 Rf7 23. d4 Rfe7 24. e5 fxe5 25. fxe5 dxe5 26. dxe5 Qf5 27. Qf3
Qg5 28. Qg3 Qxg3+ 29. Kxg3 Rf8 30. Rf1 Rfe8 31. Rce1 a5 32. Rf3 Bh5 33. Rff1
Bg6 34. Be4 Kh7 35. h4 Bxe4 36. Rxe4 Kg6 37. Rg4+ Kh7 38. Re4 Kg6 39. e6 axb4
40. Rg4+ Kh7 41. axb4 g6 42. Rgf4 Kg8 43. Rf6 Kh7 44. Rf7+ Kg8 45. R1f6 1-0

[Event "Top20 2010-2011"]
[Site "Loire"]
[Date "2011.01.23"]
[Round "4.7"]
[White "Aumont-Mathieu, Georges"]
[Black "Bruel, Bruno"]
[Result "1-0"]
[WhiteElo "1800"]
[BlackElo "1750"]
[PlyCount "57"]
[EventDate "2011.??.??"]

1. e4 c5 2. c3 d5 3. exd5 Qxd5 4. d4 Nf6 5. Nf3 Bg4 6. Be2 e6 7. Be3 cxd4 8.
Bxd4 Be7 9. Qa4+ Nc6 10. Bxf6 Bxf6 11. Qxg4 h5 12. Qc4 Qd8 13. Nbd2 Rc8 14. Ne4
Be7 15. Rd1 Qc7 16. Nd4 Qb8 17. Nxc6 Rxc6 18. Qa4 a6 19. Bxa6 O-O 20. Bb5 Rc7
21. Qb3 Kh8 22. h4 f5 23. Ng5 Bc5 24. Nxe6 Re7 25. O-O Rc8 26. Qd5 Ba7 27. Qxf5
Qg3 28. Bd3 Kg8 29. Ng5 1-0

[Event "Top20 2010-2011"]
[Site "Loire"]
[Date "2011.01.23"]
[Round "4.8"]
[White "Jan, Christophe"]
[Black "Massard, Christian"]
[Result "1-0"]
[WhiteElo "1800"]
[BlackElo "1800"]
[PlyCount "63"]
[EventDate "2011.??.??"]

1. e4 g6 2. c4 Bg7 3. Nc3 d6 4. f4 e5 5. d3 Nc6 6. Nf3 Bg4 7. Be2 exf4 8. Bxf4
Nf6 9. O-O O-O 10. d4 Re8 11. h3 Bd7 12. Ng5 h6 13. Nxf7 Kxf7 14. e5 dxe5 15.
dxe5 Nxe5 16. Nd5 c6 17. Nxf6 Bxf6 18. Bxh6 Bf5 19. Qxd8 Raxd8 20. g4 Rh8 21.
Bf4 Rxh3 22. gxf5 gxf5 23. Kg2 Rh7 24. Bxe5 Bxe5 25. Rxf5+ Ke6 26. Bg4 Rg8 27.
Rg5+ Kf7 28. Rf1+ Bf6 29. Rxg8 Kxg8 30. Rxf6 c5 31. Be6+ Kh8 32. Rf8+ 1-0

[Event "Top20 2010-2011"]
[Site "Loire"]
[Date "2011.01.23"]
[Round "4.9"]
[White "Andre, Gregory"]
[Black "Minchilli, Franco"]
[Result "1/2-1/2"]
[WhiteElo "1740"]
[BlackElo "1710"]
[PlyCount "74"]
[EventDate "2011.??.??"]

1. Nf3 Nf6 2. d4 d6 3. c4 Bg4 4. Nc3 Nbd7 5. e4 c5 6. Be3 Qa5 7. Bd3 e5 8. d5
Be7 9. O-O Nf8 10. Bd2 Ng6 11. Ne2 Qd8 12. Ne1 Nh5 13. f3 Bd7 14. Rb1 Bg5 15.
b4 b6 16. Rf2 Nhf4 17. Nxf4 Bxf4 18. Bxf4 Nxf4 19. Bf1 Qg5 20. Kh1 O-O 21. Qc1
Qh6 22. bxc5 bxc5 23. Rb7 Rfd8 24. Qa3 a5 25. Rfb2 Nh5 26. Kg1 a4 27. Nc2 Qg5
28. Qe3 Qg6 29. Rc7 Be8 30. Rbb7 Rab8 31. Na3 Nf4 32. Qd2 Ra8 33. Ra7 Rxa7 34.
Rxa7 h6 35. Rb7 Qg5 36. Kh1 Ne6 37. Qxg5 Nxg5 1/2-1/2

[Event "Top20 2010-2011"]
[Site "Loire"]
[Date "2011.02.12"]
[Round "5.1"]
[White "Cursoux, Gerard"]
[Black "Muller, Anthony"]
[Result "0-1"]
[WhiteElo "1990"]
[BlackElo "1896"]
[PlyCount "68"]

1. f4 d5 2. Nf3 Bg4 3. Ne5 Bh5 4. g3 e6 5. Bg2 Bd6 6. O-O Nd7 7. d4 c5 8. c3
Ne7 9. Qd3 f6 10. Nxd7 Qxd7 11. e3 O-O 12. Nd2 Bg6 13. Qe2 e5 14. Nf3 exd4 15.
exd4 c4 16. Re1 Be4 17. Nh4 Bxg2 18. Kxg2 Rae8 19. Qe6+ Qxe6 20. Rxe6 Nf5 21.
Rxe8 Nxh4+ 22. gxh4 Rxe8 23. Kf2 Re4 24. b3 Bxf4 25. bxc4 Bxc1 26. Rxc1 dxc4
27. Rb1 Rxh4 28. d5 Rh3 29. Rxb7 Rxc3 30. d6 Rd3 31. d7 Kf8 32. Rxa7 c3 33. Rc7
Ke7 34. a4 Kd8 0-1

[Event "Top20 2010-2011"]
[Site "Loire"]
[Date "2011.02.12"]
[Round "5.2"]
[White "Moleins, Adrien"]
[Black "Deville, Olivier"]
[Result "1-0"]
[WhiteElo "1697"]
[BlackElo "1982"]
[PlyCount "59"]

1. e4 c5 2. Nf3 d6 3. c3 Nf6 4. Qc2 Nc6 5. d4 cxd4 6. cxd4 Bg4 7. d5 Nb8 8. Nd4
a6 9. Be3 e5 10. Nb3 Be7 11. a4 O-O 12. N1d2 a5 13. Nc4 Nfd7 14. f3 Bh5 15. Qf2
Bg6 16. Nb6 Ra6 17. Bxa6 Nxa6 18. O-O Nac5 19. Nxc5 Nxc5 20. Bxc5 dxc5 21. Nc4
f5 22. d6 Bf6 23. exf5 Bxf5 24. Qxc5 Qc8 25. Qxc8 Rxc8 26. Rac1 Bg5 27. Rc3 e4
28. fxe4 Bxe4 29. d7 Rc7 30. Re1 1-0

[Event "Top20 2010-2011"]
[Site "Loire"]
[Date "2011.02.12"]
[Round "5.3"]
[White "Tchalimian, Pascal"]
[Black "Bednar, Emile"]
[Result "1/2-1/2"]
[WhiteElo "2085"]
[BlackElo "1910"]
[PlyCount "66"]

1. b3 Nf6 2. Bb2 e6 3. e3 d5 4. Nf3 Nbd7 5. d4 Bd6 6. Bd3 c6 7. O-O O-O 8. Nbd2
h6 9. Ne5 Nh7 10. f4 f5 11. c4 Nhf6 12. Qc2 Qe8 13. Rf3 Ne4 14. Bxe4 fxe4 15.
Nxd7 Bxd7 16. Rf2 Qh5 17. Nf1 Rf7 18. a4 Raf8 19. Qc3 g5 20. g3 Kh7 21. Ba3
Bxa3 22. Rxa3 gxf4 23. exf4 Rg8 24. Ra1 Qg6 25. Ne3 h5 26. Ng2 Qf6 27. Kh1 Rg4
28. Rc1 a6 29. Qe3 Qg7 30. c5 Rf8 31. Rd1 Rg6 32. Qe2 Rh6 33. Nh4 e5 1/2-1/2

[Event "Top20 2010-2011"]
[Site "Loire"]
[Date "2011.02.12"]
[Round "5.4"]
[White "Licata-Messana, Luc"]
[Black "Morice, Ludovic"]
[Result "1-0"]
[WhiteElo "1830"]
[BlackElo "2071"]
[PlyCount "103"]

1. c4 b6 2. Nc3 Bb7 3. e4 e6 4. Nf3 Bb4 5. Qc2 Bxc3 6. dxc3 Nf6 7. e5 Ng8 8.
Bg5 Ne7 9. O-O-O h6 10. Bh4 g5 11. Bg3 Nf5 12. Bd3 Nxg3 13. hxg3 g4 14. Be4 Nc6
15. Nd4 Qg5+ 16. Qd2 Qxd2+ 17. Rxd2 Na5 18. Bxb7 Nxb7 19. Nb5 Ke7 20. Nxc7 Rac8
21. Nb5 Rxc4 22. Rhd1 d5 23. exd6+ Kd7 24. Nxa7 Ra8 25. Nb5 Rxa2 26. Na3 Ra1+
27. Kc2 Rxd1 28. Nxc4 Rxd2+ 29. Kxd2 Nxd6 30. Ne5+ Ke7 31. Nxg4 Nc4+ 32. Kc2 h5
33. Ne3 Ne5 34. c4 Kd6 35. Kc3 f5 36. f4 Nd7 37. b4 Nb8 38. Nc2 e5 39. Ne3 Ke6
40. Kb3 Nc6 41. Nd5 Nd4+ 42. Kc3 Ne2+ 43. Kd3 Nxg3 44. fxe5 Kxe5 45. Nxb6 f4
46. Nd7+ Ke6 47. Nf8+ Kf7 48. b5 f3 49. gxf3 Nf5 50. b6 Ne7 51. b7 Nc6 52. Nd7
1-0

[Event "Top20 2010-2011"]
[Site "Loire"]
[Date "2011.02.12"]
[Round "5.5"]
[White "Garon, Pierre"]
[Black "Aumont-Mathieu, Georges"]
[Result "0-1"]
[WhiteElo "1924"]
[BlackElo "1800"]
[PlyCount "100"]

1. d4 Nf6 2. Bg5 e6 3. Nf3 Be7 4. Nbd2 h6 5. Bf4 d6 6. c3 Nbd7 7. e3 b6 8. Bd3
Bb7 9. O-O Nh5 10. Re1 g5 11. Nh4 Nxf4 12. exf4 gxh4 13. Qh5 Nf6 14. Qb5+ Qd7
15. Qb3 Rg8 16. f3 Nh5 17. f5 Nf4 18. Bf1 exf5 19. a4 a5 20. c4 O-O-O 21. Qe3
Bg5 22. Qc3 Bf6 23. Qe3 Ne6 24. Nb3 Bg5 25. Qd3 Nf4 26. Qc3 Rde8 27. c5 Rxe1
28. Rxe1 Qxa4 29. cxb6 Nd5 30. Qd3 cxb6 31. Qxf5+ Qd7 32. Qd3 Re8 33. Ra1 Re3
34. Qc2+ Kb8 35. Nd2 Nb4 36. Qb1 Qc7 37. Nc4 Re8 38. Qf5 Be3+ 39. Nxe3 Rxe3 40.
Qf4 Qe7 41. Qxh6 Nc2 42. Rc1 Nb4 43. Qf4 Nd3 44. Bxd3 Rxd3 45. Kf2 Rb3 46. Rc2
Ba6 47. h3 Rb4 48. Qg4 Ra4 49. Qf4 Ra1 50. Qd2 Rf1# 0-1

[Event "Top20 2010-2011"]
[Site "Loire"]
[Date "2011.02.12"]
[Round "5.6"]
[White "Poncet, Alain"]
[Black "Jan, Christophe"]
[Result "0-1"]
[WhiteElo "1859"]
[BlackElo "1800"]
[PlyCount "60"]

1. e4 c5 2. Nc3 Nc6 3. f4 e6 4. Nf3 d5 5. e5 Nh6 6. Bb5 Bd7 7. Bxc6 Bxc6 8. d3
b5 9. O-O Be7 10. b3 O-O 11. Bd2 Qb6 12. Kh1 Rfd8 13. Be1 c4 14. Bf2 Qa5 15.
Ne2 Ba3 16. Nfd4 Bb7 17. Be1 Qb6 18. Rb1 cxd3 19. Qxd3 Bc5 20. b4 Bxd4 21. Nxd4
a6 22. Bh4 Rd7 23. Rf3 g6 24. Rg3 Rc8 25. Bf6 Rdc7 26. Ne2 Rxc2 27. Rh3 Ng4 28.
Rf1 Nf2+ 29. Rxf2 Qxf2 30. Rxh7 Rc1+ 0-1

[Event "Top20 2010-2011"]
[Site "Loire"]
[Date "2011.02.12"]
[Round "5.7"]
[White "Bruel, Bruno"]
[Black "Pareux, Marc"]
[Result "1/2-1/2"]
[WhiteElo "1750"]
[BlackElo "1640"]
[PlyCount "40"]

1. d4 g6 2. c4 Bg7 3. Nc3 d6 4. e4 Nc6 5. Be3 e5 6. Nge2 f5 7. d5 Nce7 8. f4
Nf6 9. fxe5 dxe5 10. exf5 Nxf5 11. Bg5 h6 12. Bxf6 Qxf6 13. Ne4 Qh4+ 14. N2g3
Nxg3 15. Nxg3 Bf5 16. Be2 O-O-O 17. O-O Rhf8 18. b4 e4 19. Rc1 Be5 20. Qb3 e3
1/2-1/2

[Event "Top20 2010-2011"]
[Site "Loire"]
[Date "2011.02.12"]
[Round "5.8"]
[White "Massard, Christian"]
[Black "Minchilli, Franco"]
[Result "1-0"]
[WhiteElo "1800"]
[BlackElo "1710"]
[PlyCount "97"]

1. Nf3 Nf6 2. c4 g6 3. d4 d5 4. Nc3 Bg7 5. Bg5 dxc4 6. Qa4+ c6 7. Qxc4 O-O 8.
e3 Be6 9. Qb4 Qc7 10. Bf4 Qb6 11. Qxb6 axb6 12. Be2 c5 13. O-O Nh5 14. Be5 Nf6
15. Ng5 Bd7 16. Bf3 Nc6 17. Bxf6 Bxf6 18. Nge4 cxd4 19. Nxf6+ exf6 20. Nd5 Kg7
21. Nxb6 Rad8 22. Nxd7 Rxd7 23. Bxc6 bxc6 24. exd4 Rxd4 25. a4 Rb4 26. Rfb1 Ra8
27. a5 Ra6 28. Ra2 c5 29. Rba1 f5 30. Kf1 Kf6 31. Ke2 Re6+ 32. Kd3 Ree4 33. Rc1
Rbd4+ 34. Kc2 Re7 35. a6 Ra7 36. Rd1 Ke5 37. Rxd4 Kxd4 38. Ra4+ Kd5 39. Kc3 Kc6
40. Kc4 h6 41. f4 Kb6 42. Ra3 Kc6 43. g3 f6 44. Re3 Kd6 45. Kb5 c4 46. Rc3 Ra8
47. Rxc4 Rb8+ 48. Ka5 Rxb2 49. a7 1-0

[Event "Top20 2010-2011"]
[Site "Loire"]
[Date "2011.03.12"]
[Round "6.1"]
[White "Muller, Anthony"]
[Black "Licata-Messana, Luc"]
[Result "1-0"]
[WhiteElo "1882"]
[BlackElo "1830"]
[PlyCount "59"]
[EventDate "2011.??.??"]

1. d4 Nf6 2. Nf3 d5 3. Bf4 c5 4. c3 e6 5. e3 Nc6 6. Nbd2 Nh5 7. Bg5 Qb6 8. Qb3
f6 9. Bh4 g5 10. g4 Qxb3 11. axb3 Ng7 12. Bg3 h5 13. gxh5 Nxh5 14. Bc7 g4 15.
Nh4 cxd4 16. exd4 Rh7 17. Bg3 e5 18. dxe5 Nxg3 19. hxg3 fxe5 20. Bd3 e4 21. Be2
Bd6 22. O-O-O Be6 23. Nxe4 Be7 24. Nd2 Bc5 25. Ng6 Rxh1 26. Rxh1 O-O-O 27. Nf4
Bf5 28. Rh5 Ne7 29. Rxf5 Nxf5 30. Bxg4 1-0

[Event "Top20 2010-2011"]
[Site "Loire"]
[Date "2011.02.18"]
[Round "6.2"]
[White "Jan, Christophe"]
[Black "Moleins, Adrien"]
[Result "1-0"]
[WhiteElo "1800"]
[BlackElo "1696"]
[PlyCount "99"]
[EventDate "2011.??.??"]

1. e4 e5 2. Nf3 Nc6 3. Bb5 f5 4. exf5 e4 5. Qe2 Qe7 6. Bxc6 dxc6 7. Nd4 Nf6 8.
Nc3 a6 9. Qc4 Qe5 10. Nxc6 Qxf5 11. Nd4 Qe5 12. b4 c5 13. bxc5 Bxc5 14. Nb3 Bd6
15. Bb2 Be6 16. Qd4 O-O-O 17. Qxe5 Bxe5 18. h3 Nd5 19. Nc5 Bf5 20. Nxd5 Rxd5
21. Bxe5 Rxc5 22. Bc3 Be6 23. O-O Rc4 24. Rfe1 b5 25. Bxg7 Rg8 26. Be5 Bxh3 27.
Kh2 Bg4 28. c3 Rc6 29. Bf4 Rc5 30. Bg3 Re8 31. a4 Re6 32. Bh4 Bf5 33. Bg5 Bg4
34. Bh4 Rh5 35. g3 Rd5 36. axb5 Rxd2 37. bxa6 Kb8 38. a7+ Ka8 39. Reb1 Rxf2+
40. Kg1 Rf8 41. Bg5 Ree8 42. Bf4 Rxf4 43. Rb8+ Rxb8 44. axb8=Q+ Kxb8 45. gxf4
e3 46. Ra5 e2 47. Kf2 Kc8 48. f5 Kd8 49. Re5 h5 50. f6 1-0

[Event "Top20 2010-2011"]
[Site "Loire"]
[Date "2011.03.12"]
[Round "6.3"]
[White "Deville, Olivier"]
[Black "Tchalimian, Pascal"]
[Result "1-0"]
[WhiteElo "1988"]
[BlackElo "2066"]
[PlyCount "83"]
[EventDate "2011.??.??"]

1. Nf3 d5 2. d4 e6 3. c4 b6 4. cxd5 exd5 5. Nc3 Bb7 6. Bf4 a6 7. e3 Nf6 8. Bd3
Bd6 9. Bg3 O-O 10. O-O Ne4 11. Qc2 f5 12. Bxd6 Qxd6 13. Ne5 c5 14. f3 Nxc3 15.
bxc3 g6 16. f4 b5 17. Qf2 Nc6 18. Qh4 Bc8 19. Qh6 c4 20. Be2 Nxe5 21. fxe5 Qa3
22. h4 Ra7 23. Rf3 Qxc3 24. Raf1 Qc2 25. Bd1 Qe4 26. Rh3 f4 27. Rhf3 Bg4 28.
Qxf8+ Kxf8 29. Rxf4+ Kg7 30. Rxe4 Bxd1 31. Ref4 Be2 32. Rc1 Bd3 33. Rf6 b4 34.
a4 Rb7 35. Rf2 c3 36. g4 Rc7 37. e6 Re7 38. e4 Bxe4 39. Rcf1 Rxe6 40. Rf7+ Kh6
41. g5+ Kh5 42. R1f4 1-0

[Event "Top20 2010-2011"]
[Site "Loire"]
[Date "2011.03.12"]
[Round "6.4"]
[White "Aumont-Mathieu, Georges"]
[Black "Cursoux, Gerard"]
[Result "1/2-1/2"]
[WhiteElo "1800"]
[BlackElo "1990"]
[PlyCount "93"]
[EventDate "2011.??.??"]

1. e4 c5 2. c3 d5 3. exd5 Qxd5 4. d4 Nc6 5. Nf3 cxd4 6. cxd4 e5 7. dxe5 Qxd1+
8. Kxd1 Bg4 9. Bf4 Nge7 10. Nbd2 Ng6 11. Bg5 h6 12. Be3 Ngxe5 13. Be2 Nxf3 14.
Bxf3 Bxf3+ 15. Nxf3 Be7 16. Ke2 Rd8 17. Rhd1 O-O 18. Rxd8 Rxd8 19. Rd1 Rxd1 20.
Kxd1 Bf6 21. Kc2 a6 22. a3 Kf8 23. b4 Ke7 24. Kb3 Kd6 25. a4 b5 26. axb5 axb5
27. Bc5+ Kd5 28. Nd2 Nb8 29. f3 Be5 30. h3 Nd7 31. Bf2 g6 32. Ne4 f5 33. Nc5
Nb8 34. Nd3 Nc6 35. Nxe5 Nxe5 36. Kc3 f4 37. Bd4 Nc6 38. Bg7 h5 39. Bh6 Ke5 40.
Bg7+ Kf5 41. Bf8 g5 42. Kd3 g4 43. hxg4+ hxg4 44. Bd6 g3 45. Kc3 Kg5 46. Kd3
Kf5 47. Kc3 1/2-1/2

[Event "Top20 2010-2011"]
[Site "Loire"]
[Date "2011.03.12"]
[Round "6.5"]
[White "Bednar, Emile"]
[Black "Pareux, Marc"]
[Result "1/2-1/2"]
[WhiteElo "1910"]
[BlackElo "1640"]
[PlyCount "54"]
[EventDate "2011.??.??"]

1. d4 g6 2. Nf3 Bg7 3. g3 Nf6 4. Bg2 O-O 5. O-O d5 6. c3 Nbd7 7. Nbd2 Qe8 8.
Qb3 c6 9. Re1 e5 10. dxe5 Nxe5 11. Nxe5 Qxe5 12. Nf3 Qh5 13. Qb4 Ne4 14. Nh4
Ng5 15. Bxg5 Qxg5 16. Nf3 Qd8 17. Rad1 a5 18. Qa4 b5 19. Qc2 f5 20. e3 Qb6 21.
Re2 Ba6 22. b4 Rae8 23. Red2 Re4 24. Ng5 Rc4 25. Rd3 axb4 26. Qb3 Bxc3 27. Rxc3
bxc3 1/2-1/2

[Event "Top20 2010-2011"]
[Site "Loire"]
[Date "2011.03.12"]
[Round "6.6"]
[White "Poncet, Alain"]
[Black "Garon, Pierre"]
[Result "1/2-1/2"]
[WhiteElo "1871"]
[BlackElo "1915"]
[PlyCount "79"]
[EventDate "2011.??.??"]

1. e4 Nf6 2. Nc3 d5 3. e5 Ne4 4. d4 Nxc3 5. bxc3 c5 6. Nf3 Nc6 7. Be2 Bg4 8.
O-O e6 9. Be3 c4 10. a4 Be7 11. Qd2 b6 12. h3 Bf5 13. Nh2 h5 14. Rfc1 Kd7 15.
f4 Qg8 16. Bf3 Qh7 17. Nf1 Rag8 18. Ng3 Qg6 19. Nxf5 Qxf5 20. Kh1 f6 21. Rf1
Qg6 22. Bf2 Qh6 23. Be3 f5 24. Kh2 h4 25. Qf2 g5 26. fxg5 Bxg5 27. Bxg5 Qxg5
28. Rae1 Qe7 29. Ra1 Rg3 30. Rfe1 Rhg8 31. Re2 Kc7 32. Qe3 Qg7 33. Qf4 Qe7 34.
Rf2 Qg5 35. Qxg5 R8xg5 36. Raf1 Nd8 37. Rb1 Kc6 38. Rb4 Nf7 39. Rxc4+ Kb7 40.
Rb4 1/2-1/2

[Event "Top20 2010-2011"]
[Site "Loire"]
[Date "2011.03.12"]
[Round "6.8"]
[White "Minchilli, Franco"]
[Black "Morice, Ludovic"]
[Result "0-1"]
[WhiteElo "1710"]
[BlackElo "2065"]
[PlyCount "66"]
[EventDate "2011.??.??"]

1. e4 e5 2. Nf3 Nc6 3. Bb5 a6 4. Ba4 Nf6 5. d3 d6 6. c3 b5 7. Bb3 Be7 8. Bg5
Na5 9. Nbd2 O-O 10. d4 Nxb3 11. Qxb3 exd4 12. cxd4 c5 13. O-O Bb7 14. d5 Nxd5
15. Bxe7 Nxe7 16. Rad1 Qc7 17. Rfe1 h6 18. Nf1 Rad8 19. Ng3 d5 20. exd5 Nxd5
21. Re5 c4 22. Qa3 b4 23. Qa4 Nb6 24. Qc2 Rxd1+ 25. Qxd1 Bxf3 26. Qe1 Bg4 27.
h3 Be6 28. f4 c3 29. bxc3 bxc3 30. Ne2 c2 31. Nc1 Rd8 32. Qf2 Rd1+ 33. Re1 Qc3
0-1

[Event "Top20 2010-2011"]
[Site "Loire"]
[Date "2011.03.12"]
[Round "6.9"]
[White "Vier, Serge"]
[Black "Bruel, Bruno"]
[Result "1-0"]
[WhiteElo "1700"]
[BlackElo "1750"]
[PlyCount "61"]
[EventDate "2011.??.??"]

1. d4 d5 2. c4 c6 3. Nf3 Nf6 4. Nc3 dxc4 5. a4 Bf5 6. e3 e6 7. Bxc4 Nbd7 8. O-O
Bb4 9. Qe2 O-O 10. Bd2 Bg4 11. e4 e5 12. d5 Bxc3 13. Bxc3 cxd5 14. Bxd5 Nxd5
15. exd5 Re8 16. h3 Bh5 17. Qe4 Bg6 18. Qg4 f6 19. Rad1 Nb6 20. Nh4 Bc2 21. Rd2
Bxa4 22. Nf5 Qd7 23. Ba5 Bb5 24. Bxb6 Bxf1 25. Nh6+ Kh8 26. Qxd7 gxh6 27. Be3
Ba6 28. Bxh6 Rg8 29. Rc2 b6 30. Rc7 Bd3 31. Bg7+ 1-0

[Event "Top20 2010-2011"]
[Site "Loire"]
[Date "2011.04.02"]
[Round "7.1"]
[White "Deville, Olivier"]
[Black "Muller, Anthony"]
[Result "0-1"]
[WhiteElo "1988"]
[BlackElo "1882"]
[PlyCount "68"]
[EventDate "2011.??.??"]

1. e4 e6 2. Qe2 Be7 3. d3 d5 4. g3 Nf6 5. Bg2 O-O 6. Nf3 b6 7. O-O c5 8. e5
Nfd7 9. c4 Bb7 10. h4 Nc6 11. cxd5 exd5 12. e6 fxe6 13. Qxe6+ Kh8 14. Ng5 Bxg5
15. Bxg5 Nd4 16. Bxd8 Nxe6 17. Bg5 Ne5 18. Re1 Nxg5 19. Rxe5 Nf3+ 20. Bxf3 Rxf3
21. Re3 Raf8 22. Rxf3 Rxf3 23. Nc3 d4 24. Re1 h6 25. Nb5 Rxd3 26. Nxa7 Rd2 27.
Rb1 Be4 28. Re1 Bd5 29. b4 c4 30. Kf1 c3 31. Ra1 Bf3 32. Ke1 Re2+ 33. Kf1 c2
34. Nb5 Rd2 0-1

[Event "Top20 2010-2011"]
[Site "Loire"]
[Date "2011.04.02"]
[Round "7.2"]
[White "Moleins, Adrien"]
[Black "Cursoux, Gerard"]
[Result "0-1"]
[WhiteElo "1696"]
[BlackElo "1990"]
[PlyCount "26"]
[EventDate "2011.??.??"]

1. e4 c5 2. Nf3 d6 3. c3 Nf6 4. Qc2 Bg4 5. d4 Nbd7 6. Bd3 Bxf3 7. gxf3 Rc8 8.
Qb3 cxd4 9. Bc4 e6 10. cxd4 d5 11. exd5 exd5 12. Qe3+ Qe7 13. Bb3 Rxc1+ 0-1

[Event "Top20 2010-2011"]
[Site "Loire"]
[Date "2011.04.02"]
[Round "7.3"]
[White "Jan, Christophe"]
[Black "Aumont-Mathieu, Georges"]
[Result "1/2-1/2"]
[WhiteElo "1800"]
[BlackElo "1800"]
[PlyCount "76"]
[EventDate "2011.??.??"]

1. e4 e5 2. Nf3 Nc6 3. Bb5 Nf6 4. O-O Bc5 5. d3 d6 6. Nc3 Bg4 7. h3 Bd7 8. Na4
Bb6 9. Nxb6 axb6 10. Bg5 h6 11. Be3 Qe7 12. c4 O-O 13. Qd2 Kh7 14. g4 Ng8 15.
Kh2 Nd4 16. Nxd4 exd4 17. Bxd4 c6 18. Bxc6 bxc6 19. Bxb6 c5 20. Ba5 Qh4 21. f3
h5 22. Qe1 Qxe1 23. Bxe1 hxg4 24. hxg4 Rfb8 25. Bc3 f6 26. Kg3 Nh6 27. Rh1 Kg6
28. Rh2 Be6 29. f4 Bxg4 30. Rxh6+ gxh6 31. Kxg4 Rg8 32. a3 h5+ 33. Kh4 Kh6 34.
Bxf6 Rg4+ 35. Kh3 Rxf4 36. e5 dxe5 37. Bxe5 Rf3+ 38. Kh2 Rxd3 1/2-1/2

[Event "Top20 2010-2011"]
[Site "Loire"]
[Date "2011.04.02"]
[Round "7.4"]
[White "Pareux, Marc"]
[Black "Tchalimian, Pascal"]
[Result "0-1"]
[WhiteElo "1640"]
[BlackElo "2066"]
[PlyCount "39"]
[EventDate "2011.??.??"]

1. d4 d5 2. e4 dxe4 3. Nc3 Nf6 4. f3 exf3 5. Nxf3 Bg4 6. h3 Bh5 7. g4 Bg6 8.
Ne5 Nbd7 9. Nxg6 hxg6 10. Qf3 c6 11. Bc4 e6 12. Be3 Nd5 13. O-O Qe7 14. Nxd5
cxd5 15. Bb3 O-O-O 16. c4 f6 17. cxd5 e5 18. Rac1+ Kb8 19. Rfe1 Qb4 20. Rc4 0-1

[Event "Top20 2010-2011"]
[Site "Loire"]
[Date "2011.04.02"]
[Round "7.5"]
[White "Morice, Ludovic"]
[Black "Bednar, Emile"]
[Result "1-0"]
[WhiteElo "2065"]
[BlackElo "1910"]
[PlyCount "127"]
[EventDate "2011.??.??"]

1. d4 Nf6 2. c4 g6 3. Nc3 Bg7 4. e4 d6 5. f4 O-O 6. Nf3 Nbd7 7. e5 Ne8 8. Be2
c5 9. Be3 b6 10. O-O Bb7 11. e6 fxe6 12. Ng5 Nc7 13. Bg4 Rf6 14. d5 h6 15.
Bxe6+ Nxe6 16. Nxe6 Qc8 17. Qd3 Nf8 18. Nxg7 Kxg7 19. Ne4 Rf7 20. Bd2 Qf5 21.
Qe3 Nh7 22. Ng3 Qg4 23. f5 g5 24. Bc3+ Nf6 25. Ne4 Kf8 26. Bxf6 exf6 27. h3 Qh4
28. Nxd6 Re7 29. Qc3 Qd4+ 30. Qxd4 cxd4 31. Nxb7 Rxb7 32. Rad1 b5 33. b3 bxc4
34. bxc4 Rb2 35. Rf2 Rab8 36. Rdd2 Rb1+ 37. Kh2 Rc1 38. Rxd4 Rc8 39. Re4 R1xc4
40. Re6 Kf7 41. Rfe2 R4c7 42. d6 Rd7 43. Re7+ Rxe7 44. Rxe7+ Kf8 45. d7 Rd8 46.
Rh7 Kg8 47. Rxh6 Kg7 48. Rg6+ Kf7 49. h4 gxh4 50. Rh6 Kg7 51. Rxh4 Rxd7 52. Ra4
Kh6 53. Rg4 Rd6 54. Rg6+ Kh7 55. Kh3 Rd2 56. Rxf6 Rxa2 57. g4 a5 58. g5 Ra4 59.
g6+ Kh6 60. Rf7 Kg5 61. g7 Ra3+ 62. Kg2 Kf4 63. g8=Q Ra2+ 64. Kh3 1-0

[Event "Top20 2010-2011"]
[Site "Loire"]
[Date "2011.04.02"]
[Round "7.6"]
[White "Licata-Messana, Luc"]
[Black "Poncet, Alain"]
[Result "1/2-1/2"]
[WhiteElo "1830"]
[BlackElo "1871"]
[PlyCount "57"]
[EventDate "2011.??.??"]

1. c4 f5 2. g3 Nf6 3. Bg2 e6 4. Nf3 Be7 5. O-O O-O 6. Nc3 Nc6 7. d3 Rb8 8. e4
fxe4 9. dxe4 d6 10. h3 Bd7 11. Bg5 e5 12. Qd3 Nb4 13. Qe2 Qc8 14. Bxf6 Rxf6 15.
g4 Rg6 16. Nh2 Nc6 17. Nd5 Bh4 18. Rad1 Nd4 19. Qd3 c6 20. Ne3 Rf6 21. Nf5 Bxf5
22. gxf5 h5 23. Nf3 Nxf3+ 24. Bxf3 g6 25. fxg6 Qxh3 26. Bg2 Qxd3 27. Rxd3 Rxg6
28. Rfd1 Rf8 29. f3 1/2-1/2

[Event "Top20 2010-2011"]
[Site "Loire"]
[Date "2011.04.02"]
[Round "7.7"]
[White "Andre, Gregory"]
[Black "Bruel, Bruno"]
[Result "1/2-1/2"]
[WhiteElo "1740"]
[BlackElo "1750"]
[PlyCount "56"]
[EventDate "2011.??.??"]

1. Nf3 Nf6 2. d4 d5 3. Bf4 Bf5 4. e3 e6 5. Nbd2 Be7 6. Be2 O-O 7. O-O Nbd7 8.
Rc1 c5 9. c4 Rc8 10. h3 h6 11. cxd5 Nxd5 12. Bh2 N7f6 13. Nb3 Ne4 14. Nfd2 cxd4
15. Rxc8 Qxc8 16. Nxd4 Bg6 17. Nxe4 Bxe4 18. Qc1 Bg5 19. Qxc8 Rxc8 20. Kh1 Bf6
21. Rd1 a6 22. Rd2 g5 23. a3 Kg7 24. Bd3 Rc1+ 25. Bg1 Bxd4 26. Bxe4 Bf6 27.
Bxd5 exd5 28. g4 Kg6 1/2-1/2

[Event "Top20 2010-2011"]
[Site "Loire"]
[Date "2011.04.02"]
[Round "7.8"]
[White "Garon, Pierre"]
[Black "Minchilli, Franco"]
[Result "1-0"]
[WhiteElo "1915"]
[BlackElo "1710"]
[PlyCount "111"]
[EventDate "2011.??.??"]

1. d4 e6 2. c4 Nf6 3. Nc3 Bb4 4. f3 c6 5. Bg5 Qa5 6. Nh3 Bxc3+ 7. bxc3 Qxc3+ 8.
Kf2 d6 9. Rc1 Qa5 10. Qc2 Nbd7 11. e4 h6 12. Be3 O-O 13. Bd3 e5 14. d5 Qd8 15.
Ng1 Nh5 16. Ne2 Re8 17. h4 Nf8 18. g4 Nf6 19. Rcg1 N6h7 20. Qd2 Ng6 21. Ng3 Nf4
22. Bxf4 exf4 23. Qxf4 Qb6+ 24. Qe3 Qb2+ 25. Qe2 Qd4+ 26. Kg2 Bd7 27. Rd1 Nf8
28. Bc2 Qe5 29. h5 f5 30. gxf5 Bxf5 31. Qd2 Bd7 32. Ba4 c5 33. Bxd7 Nxd7 34.
Rb1 Nb6 35. Rbc1 Rf8 36. Nf5 Qf6 37. Kf2 Kh7 38. Qc3 Nd7 39. Qxf6 Rxf6 40. Rhg1
Rg8 41. f4 a6 42. Rb1 b6 43. Rb3 g6 44. Rbg3 Nf8 45. a4 a5 46. Ke3 Nd7 47.
hxg6+ Rgxg6 48. Rxg6 Rxg6 49. Rxg6 Kxg6 50. Nxd6 h5 51. e5 h4 52. Kf3 Kh5 53.
Ne4 Nf8 54. e6 h3 55. e7 h2 56. Ng3+ 1-0